Classifica Pallone d'Oro 2001 - Statistics

Statistiche generali
  • Questo quiz è stato fatto 58 volte
  • Il punteggio medio è 16 su 27
Statistiche sulle risposte
Punti Nazione Squadra Calciatore % Corretto
57 Italia Roma Francesco Totti
96%
176 Inghilterra Liverpool Michael Owen
96%
14 Francia Juventus / Real Madrid Zinédine Zidane
92%
27 Ucraina Milan Andrij Ševčenko
88%
140 Spagna Real Madrid Raúl González Blanco
85%
56 Portogallo Real Madrid Luis Figo
83%
14 Francia Arsenal Thierry Henry
83%
7 Francia Juventus David Trezeguet
77%
3 Argentina Lazio / Manchester United Juan Sebastián Verón
77%
1 Italia Brescia Roberto Baggio
77%
1 Portogallo Fiorentina / Milan Rui Costa
77%
114 Germania Bayern Monaco Oliver Kahn
75%
30 Brasile Barcellona Rivaldo
73%
4 Italia Lazio Alessandro Nesta
69%
2 Brasile Real Madrid Roberto Carlos
67%
102 Inghilterra Manchester United David Beckham
63%
1 Inghilterra Liverpool Stevan Gerrard
60%
4 Svezia Celtic Henrik Larsson
58%
3 Argentina Lazio Hernán Crespo
52%
2 Spagna Valencia / Lazio Gaizka Mendieta
46%
2 Italia Roma Damiano Tommasi
25%
2 Brasile Bayern Monaco Élber
23%
10 Francia Bayern Monaco Bixente Lizarazu
19%
2 Finlandia Liverpool Sami Hyypiä
17%
6 Germania Bayern Monaco Stefan Effenberg
15%
2 Danimarca Schalke 04 Ebbe Sand
13%
2 Polonia Polonia Varsavia / Panathīnaïkos Emmanuel Olisadebe
8%
Nessun quiz corrispondente trovato
Distribuzione punteggi
Percentuale di utenti per punteggio
Percentile per numero di risposta
I tuoi punteggi nel tempo
Non hai fatto questo quiz